Application of ß-amino acids in lipase-catalysed kinetic resolutions and in combinatorial syntheses
Elmentve itt :
| Szerző: | |
|---|---|
| További közreműködők: | |
| Dokumentumtípus: | Disszertáció |
| Megjelent: |
2005
|
| Tárgyszavak: | |
| Online Access: | http://doktori.ek.szte.hu/233 |
| LEADER | 00520nta a2200157 i 4500 | ||
|---|---|---|---|
| 001 | dokt233 | ||
| 005 | 20190621094552.0 | ||
| 008 | 100513s2005 hu om 0|| eng d | ||
| 040 | |a SZTE Doktori Repozitórium |b hun | ||
| 041 | |a eng | ||
| 100 | 1 | |a Gedey Szilvia | |
| 245 | 1 | 0 | |a Application of ß-amino acids in lipase-catalysed kinetic resolutions and in combinatorial syntheses |h [elektronikus dokumentum] / |c Gedey Szilvia |
| 260 | |c 2005 | ||
| 502 | |a Disszertacio | ||
| 650 | 4 | |a gyógyszerészeti tudományok | |
| 700 | 1 | |a Fülöp Ferenc |e ths | |